Participación comunitaria y educación: diagnóstico comunitario

Guardat en:
Dades bibliogràfiques
Autors principals: Godoy Ormazábal, Wendy (Autor), Díaz L., María Luisa (Autor)
Format: Llibre
Idioma:espanyol
Publicat: Santiago PIIE 1997
Col·lecció:Documentos de Trabajo, 5
Matèries:
Etiquetes: Afegir etiqueta
Sense etiquetes, Sigues el primer a etiquetar aquest registre!

MARC

LEADER 00000nam a2200000 a 4500
001 UCR9141
003 CL-VaPUC
008 980613e19970000CL |||||||||||||||||spa|d
082 0 4 |a 370.193  |b GOD  |2 21 
100 |a Godoy Ormazábal, Wendy  |e author  |9 465492 
700 0 |a Díaz L., María Luisa  |e author  |9 411353 
245 1 0 |a Participación comunitaria y educación: diagnóstico comunitario 
300 |a 43 p 
942 |c BK 
945 |d 19980613 00:00:00  |a mvenant 
260 |a Santiago  |b PIIE  |c 1997 
650 0 |a Participación comunitaria  |9 317870 
650 0 |a Planificación de la educación   |9 307333 
583 |a last modification  |c 19980613 00:00:00  |k Rodrigo Vera 
490 0 |a Documentos de Trabajo, 5 
999 |c 270359  |d 270357 
952 |0 0  |1 0  |4 0  |6 370_193000000000000_GOD_1997  |7 0  |8 A  |9 304622  |a BIBEDU  |b BIBEDU  |d 2019-11-20  |i 3431096  |o 370.193 GOD 1997  |p 3431096  |r 2019-11-20  |w 2019-11-20  |y BK  |k BME